| 000 | 01095nam a2200169 4500 | ||
|---|---|---|---|
| 999 |
_c2920 _d2920 |
||
| 001 | 3584 | ||
| 005 | 20190726123228.0 | ||
| 008 | 190726b ||||| |||| 00| 0 eng d | ||
| 090 | 0 | 0 | _a324.23 D7949f 2013 |
| 245 | 0 | 0 |
_aའབྲུག༌གི༌སྤྱི༌ཚོགས༌དང༌པའི༌ཚོགས༌ཐེངས༌བཅུ༌པའི༌ནང༌རྒྱལ༌ཁམས༌ཀྱི༌གནས༌སྟངས༌སྐོར༌ལས༌མི༌རྗེ༌བློན༌ཆེན༌འཇིགས༌མེད༌འོད༌ཟེར༌འཕྲིན༌ལས༌མཆོག༌གིས༌ཕུལ༌བའི༌ལོ༌བསྟར༌སྙན༌ཞུ༌ཐེངས༌ལྔ༌པ། _cDruk Phuensum Tshogpa. |
| 246 |
_a[Fulfilment of pledges in pursuit of equity and justice:] _b[Fifth annual report of Lyonchhen Jigmi Yoezer Thinley on the State of the Nation]. |
||
| 260 | 0 | 0 |
_a[Thimphu] : _bDruk Phuensum Tshogpa, _c2013. |
| 300 | 0 | 0 | _a66 p. ; 21 cm. |
| 650 | 0 | 0 | _aBhutan --Politics and government --2008-2013. |
| 690 | _aDruk Phuensum Tshogpa. | ||
| 942 |
_2ddc _cDZONGKHA |
||